000 00522nam a2200181Ia 4500
008 090123s9999 xx 000 0 und d
082 _b41186
100 _aठाकुर दिलिप
245 _aअॅक्ट्रेस
250 _a1
260 _bअनघा प्रकाशन
_c2007
300 _a136
600 _aठाकुर दिलिप
630 _aअॅक्ट्रेस
700 _aठाकुर दिलिप
730 _aअॅक्ट्रेस
942 _cBOOK
999 _c79261
_d79261